Loading...

The Structure Of Human Personality /

Bibliographic Details
Main Author: Eysenck,H J
Format: Printed Book
Published: London Methuen & Co Ltd 1953
LEADER 00389nam a22001097a 4500
082 |a 155.2  |b EYS;1 
100 |a Eysenck,H J  
245 |a The Structure Of Human Personality /  |c H J Eysenck  
260 |a London  |b Methuen & Co Ltd  |c 1953 
942 |c BK 
999 |c 315671  |d 315671 
952 |0 0  |1 0  |4 0  |6 155_200000000000000_EYS1  |7 0  |9 337623  |a PSY  |b PSY  |c GEN  |d 2020-12-01  |l 0  |o 155.2 EYS;1  |p PSY3007  |r 2020-12-01  |w 2020-12-01  |y BK